000 00581nam a2200265Ia 4500
003 IT-RoPAU
008 120407s9999 xx 000 0 und d
040 _aIT-RoPAU
040 _cIT-RoPAU
041 _aita
100 _aAnna Rita Spinelli
100 _ccoll.
245 _aL’immagine e i materiali
250 _aCinisello Balsamo
260 _aEdizioni Paoline
260 _c1988
300 _a281 p.
300 _bill.
300 _c26 cm
490 _aScuola: testi e sussidi
490 _v2
700 _aGiuseppe Tesorio
942 _cBK
999 _c31332
_d31332